Catálogo público

Tasas de descomposición de materia orgánica foliar de especies arbóreas de selvas en clima estacional (Record no. 32224)

MARC details
000 -CABECERA
campo de control de longitud fija 01229nam a22003257a 4500
003 - IDENTIFICADOR DEL NÚMERO DE CONTROL
campo de control CHAP
005 - FECHA Y HORA DE LA ÚLTIMA TRANSACCIÓN
campo de control 20220329135158.0
008 - DATOS DE LONGITUD FIJA--INFORMACIÓN GENERAL
campo de control de longitud fija 971013s1982 r 00010 d
010 ## - NÚMERO DE CONTROL DE LA BIBLIOTECA DEL CONGRESO
Número de control de LC 32224
011 ## - ENLACE DEL NUMERO DE CONTROL DE LA BIBLIOTECA DEL CONGRESO [OBSOLETO]
Número de control de LC 33196
035 ## - NÚMERO DE CONTROL DEL SISTEMA
Número de control de sistema 37311
040 ## - FUENTE DE LA CATALOGACIÓN
Centro/agencia transcriptor CHAP
082 ## - NÚMERO DE LA CLASIFICACIÓN DECIMAL DEWEY
Número de clasificación 581.5
Número de documento/Ítem M37
100 00 - ENTRADA PRINCIPAL--NOMBRE DE PERSONA
Nombre de persona Martínez Yrizar, Angelina.
9 (RLIN) 72646
245 ## - MENCIÓN DE TÍTULO
Título Tasas de descomposición de materia orgánica foliar de especies arbóreas de selvas en clima estacional
260 ## - PUBLICACIÓN, DISTRIBUCIÓN, ETC.
Lugar de publicación, distribución, etc. México, D.F. :
Nombre del editor, distribuidor, etc. Subsecretaría Forestal y de la Fauna. Unidad de Apoyo Técnico,
Fecha de publicación, distribución, etc. 1982
300 ## - DESCRIPCIÓN FÍSICA
Extensión 94 p.
Otras características físicas ; gráfs
490 ## - MENCIÓN DE SERIE
Mención de serie Premio nacional forestal
Designación de volumen o secuencia ; 4
590 ## - NOTA LOCAL (RLIN)
Nota local BATCH-UPD
Procedencia (VM) [OBSOLETO] 10
Condición del los carretes individuales (VM) [OBSOLETO] 20130110
-- UCH01
-- 1534
590 ## - NOTA LOCAL (RLIN)
Nota local BATCH-UPD
Procedencia (VM) [OBSOLETO] 10
Condición del los carretes individuales (VM) [OBSOLETO] 20130410
-- UCH01
-- 0939
590 ## - NOTA LOCAL (RLIN)
Nota local BATCH-UPD
Procedencia (VM) [OBSOLETO] 10
Condición del los carretes individuales (VM) [OBSOLETO] 20130914
-- UCH01
-- 1802
590 ## - NOTA LOCAL (RLIN)
Nota local CONVERSION
Procedencia (VM) [OBSOLETO] 10
Condición del los carretes individuales (VM) [OBSOLETO] 20130109
-- UCH01
-- 1318
650 14 - PUNTO DE ACCESO ADICIONAL DE MATERIA--TÉRMINO DE MATERIA
Término de materia o nombre geográfico como elemento de entrada Materia orgánica
Subdivisión general Descomposición.
9 (RLIN) 72932
830 0# - PUNTO DE ACCESO ADICIONAL DE SERIE-TÍTULO UNIFORME
Título uniforme Premio nacional forestal
Designación de volumen o secuencia ; 4
9 (RLIN) 91381
901 ## - ELEMENTOS DE DATOS A LOCAL LDA (RLIN)
a BK
942 ## - ELEMENTOS DE PUNTO DE ACCESO ADICIONAL (KOHA)
Tipo de ítem Koha Libro
949 ## - PROCESAMIENTO DE INFORMACIÓN LOCAL (OCLC)
a 581.5 M37
b BC
c LIBRO
d 33724000541900
e LIBRO
f c.3
h 78570
i 37311
s i
949 ## - PROCESAMIENTO DE INFORMACIÓN LOCAL (OCLC)
a 581.5 M37
b BC
c LIBRO
d 33724000541918
e LIBRO
h 60888
i 37311
s i
949 ## - PROCESAMIENTO DE INFORMACIÓN LOCAL (OCLC)
a 581.5 M37
b BC
c LIBRO
d 33724000541926
e LIBRO
f c.2
h 78569
i 37311
s i
Holdings
Estado de retiro Estado de pérdida Fuente del sistema de clasificación o colocación Estado dañado Restricciones de uso No para préstamo Código de colección Localización permanente Ubicación/localización actual Ubicación en estantería Fecha de adquisición Información codificada de la localización en otra ubicación Total de préstamos Signatura topográfica completa Código de barras Fecha visto por última vez Número de copia Precio válido a partir de Tipo de ítem Koha
    Dewey Decimal Classification   Préstamo 15 días   General Biblioteca Central Biblioteca Central Planta alta - Colección General 31/12/2019 LIBRO   581.5 M37 33724000541900 31/12/2019 c.3 31/12/2019 Libro
    Dewey Decimal Classification   Préstamo 15 días   General Biblioteca Central Biblioteca Central Planta alta - Colección General 31/12/2019 LIBRO   581.5 M37 33724000541918 31/12/2019   31/12/2019 Libro
    Dewey Decimal Classification   Préstamo 15 días   General Biblioteca Central Biblioteca Central Planta alta - Colección General 31/12/2019 LIBRO   581.5 M37 33724000541926 31/12/2019 c.2 31/12/2019 Libro